Ejercicios espirituales para niños / [por] Argimiro Hidalgo

Guardado en:
Bibliografiske detaljer
Hovedforfatter: Hidalgo, Argimiro, S.J (autor)
Format: Bog
Fag:
Tags: Tilføj Tag
Ingen Tags, Vær først til at tagge denne postø!

MARC

LEADER 00000nam^a2200000^u^4500
001 000544473
005 20250521000000.0
008 060220s1000^^^^^^^^^^^^r^^^^^000^0^spa^d
009 20260310131328.905
035 |a FMI 000013662 
037 |a Acervo Xavier Clavigero 
096 |a 4.4.2/22/A 
100 |a Hidalgo, Argimiro, S.J.  |e (autor) 
245 1 0 |a Ejercicios espirituales para niños / [por] Argimiro Hidalgo 
264 |a Santander : Sal Terrae, 1942 
300 |a 412 p. 
336 |a texto  |b txt  |2 rdacontenido 
337 |a sin mediación  |b n  |2 rdamedio 
338 |a volumen  |b nc  |2 rdasoporte 
649 |a XX 
650 |a TEXTOS CLASICOS 2. EJERCICIOS 
910 |a Fondo Francisco Migoya Covarrubias S.J. 
920 |a Impresos - Libros 
930 |a Fondos Especiales 
905 |a 134 
901 |a SBC03234  |b IT2  |c ESP  |u 20250521 
902 |a https://opac.biblio.iteso.mx/vufind/Record/000544473